000 00441nam a22001817a 4500
003 CEME
005 20210628203425.0
008 210114b xxu||||| |||| 00| 0 eng d
020 _a0-534-27399-8
040 _c.
082 _a741.6 ARN
100 _aArntson, Amy E
_965352
245 _aGraphics design basics
260 _aCHINA
_bTHOMAS
_c2003
300 _aXIII, 239P
650 _aGRAPHICS DESIGN-BASICS.
_965353
942 _cBK
_2ddc
999 _c573592
_d573592